1393 1117 1376 1884 1998 1007 1357 1576 1855 1350 1968 1327 1645 1352 1477 1922 1724 1679 1538 1596 1756 1043 1586 1790 1595 1008 1082 1369 1332 1822 1485 1679 1783 1309 1922 1857 1508 1791 1519 1535 1720 1676 1879 1529 1766 1020 1094 1460 1057 1198 1674 1656 1956 1276 1027 1589 1354 1549 1309 1444 1429 1326 1163 1401 1554 1199 1654 1409 1302 1084 1497 1076 1939 1084 1704 1323 1993 1657 1435 1376 1656 1217 1430 1919 1312 1061 1676 1660 1763 1862 1273 1599 1834 1421 1313 1257 1373 1278 1100 BCNSPRNW ULIB Ver.6.0+V

เปลี่ยนเป็นภาษาไทย

Change to English
 แสดงรายละเอียดบรรณานุกรม
  กลับหน้าหลัก

Brief Record : Get Marc (ISO 2709) : E-mail record : QR code < ปิดหน้าต่าง
LEADER : 00000nam 2200000uu 4500
001    13399121525
003     ULIB
008    121122s2551||||th 000 0 tha d
020    ^a9789749939734
060 04 ^aWX165^bด831ก
100 0  ^aเดช วัฒนชัยยิ่งเจริญ
245 10 ^aการประเมินผลกระทบสิ่งแวดล้อมโรงพยาบาล =^bEnvironmentalimpact assessment of hospital /^cเดช วัฒนชัยยิ่งเจริญ
246 31 ^aEnvironmental impact assessment of hospital
250    ^aพิมพ์ครั้งที่ 2
260    ^aกรุงเทพฯ :^bหน่วยวิจัยและพัฒนาบูรณาการเกษตรและสิ่งแวดล้อมมหาวิทยาลัยนเรศวร,^c2551
300    ^axiv, 193 หน้า :^bภาพประกอบ ;^c21 ซม.
650  7 ^aการวิเคราะห์ผลกระทบสิ่งแวดล้อม
650  7 ^aโรงพยาบาล^xแง่สิ่งแวดล้อม
650  7 ^aโรงพยาบาล^xการควบคุมคุณภาพ
650  7 ^aสิ่งแวดล้อม^xการประเมิน
650  7 ^aอาชีวอนามัย^xมาตรฐาน
710 2  ^aมหาวิทยาลัยนเรศวร.^bหน่วยวิจัยและพัฒนาบูรณาการเกษตรและสิ่งแวดล้อม
945    ^p250^l0^i15340
945    ^p250^l0^i15341
995    ^aวิภา
999 ^a ใช้งานได้ทุกระบบ
รายการนี้ยังไม่มีแท็ก
คุณยังไม่ได้ล็อกอิน คุณสามารถมีกิจกรรมร่วมกับเว็บไซต์ได้ แต่ต้องล็อกอินก่อน ::
  ล็อกอิน

รายการสื่อสารสนเทศ

ลำดับที่ ประเภท เลขเรียก/บาร์โค้ด สถานที่ สถานะ
- ไม่พบข้อมูล -

รายการใกล้เคียง
    ผู้แต่ง [เดช วัฒนชัยยิ่งเจริญ]

    หัวเรื่อง [การวิเคราะห์ผลกระทบสิ่งแวดล้อม]

BibComment


ยังไม่เคยถูกคอมเมนท์

คอมเมนท์ทรัพยากรรายการนี้
  คอมเมนท์: การประเมินผลกระท..


 Copyright 2026. Bcnsprnw @Library